000 01410nam a22003135i 4500
001 181115
003 ES-MaACL
005 20231213170231.0
008 121017s1991 sp | |||| ||spa d
020 _a84-87826-10-5
080 _a930.255(460.355)
080 _a016:946.035.5"1808/14"(093)
080 _a016:347.961.435(460.355)"18"
100 1 _aRavina Martín, Manuel.
_995596
245 1 4 _aLas Cortes de Cádiz y el protocolo notarial
_b: Archivo Histórico Provincial de Cádiz /
_cManuel Ravina Martín.
260 _a[Sevilla] :
_bConsejería de Cultura y Medio Ambiente,
_cD.L. 1991.
300 _a156 p. ;
_c24 cm.
490 1 _aColección de instrumentos de descripción de archivos andaluces ;
_v6
500 _aÍndice.
650 4 _aProtocolos notariales-
_zArchivo Histórico Provincial de Cádiz-
_vCatálogos.
_9151664
651 4 _aCádiz (Provincia)-
_xHistoria-
_yS.XIX-
_vFuentes.
_9151665
651 4 _aEspaña-
_xHistoria-
_y1808-1814, Guerra de la Independencia-
_vFuentes.
_9142504
710 2 _aArchivo Histórico Provincial de Cádiz.
_91455
830 0 _aColección de instrumentos de descripción de archivos andaluces ;
_v6
_9191409
852 _aES-MaACL
_jA-12330
_9187998
_bR.148555
_cDEPO1
_dOlim: N-5335
_xDonación: Fernando del Arco
903 _aArco y García, Fernando del,
_d1923-2020
_ednr
_922508
942 _2udc
_cMONOGRAFIA
999 _c181115
_d181115